| 000 | 01086nas a2200361 4500 | ||
|---|---|---|---|
| 001 | BR8102538 | ||
| 003 | BR-BrBNA | ||
| 005 | 20231205084708.0 | ||
| 007 | ta | ||
| 008 | 230509b bl.|||p| |||| 00| 00por d | ||
| 040 |
_aBR-BrBNA _bpor _cBiblioteca Nacional de Agricultura |
||
| 041 | _a(Pt) | ||
| 072 | _aL30 | ||
| 100 | 1 | _aFonseca, J.B. | |
| 100 | 1 | _aSoares, P.R. | |
| 100 | 1 | _aRostagno, H.S. | |
| 100 | 1 | _aSantana, R. | |
| 100 | 1 | _aSilva, M. de A. e | |
| 100 | 1 | _aGracas, A.S. das | |
| 100 | 1 | _aSilva, D.J. da | |
| 100 | 1 | _aAbe, P.T. | |
| 100 | 1 | _aParanhos, I. do C.M. | |
| 245 | 1 | _aAlimentos nao convencionais para aves de postura [Galinha; Farinha de pena; Racao; Arroz; Milho; Brasil] | |
| 650 | _aNutricao animal | ||
| 650 | _aGalinha | ||
| 650 | _aFarinha de pena | ||
| 650 | _aArroz | ||
| 650 | _aMilho | ||
| 650 | _aRacao | ||
| 773 | 0 |
_tInforme Agropecuario - Empresa de Pesquisa Agropecuaria de Minas Gerais (Brazil) _xISSN 0100-3364 _g(Jul 1981), v. 7(79) p. 16-19 _wBR8102538 |
|
| 909 |
_a202311 _bLúcia _c55 _dLúcia Elande |
||
| 942 |
_2AGRIS _n0 _cANA |
||
| 999 |
_c106717 _d106717 |
||